Poder o impotencia de la subjetividad /

Estudio que analiza la posición objetiva de la subjetividad en el ser, dede la perspectiva ontológica de la responsabilidad del sujeto. Para ello el autor analiza la influencia de lo físico en lo psíquico y viceversa, a partir de dos argumentos: el de la incompatibilidad, con su tesis de la no admis...

Description complète

Enregistré dans:
Détails bibliographiques
Auteur principal: Jonas, Hans (autor)
Autres auteurs: Giner Comín, Illana (introducción y traducción) (introducción y traducción)
Format: Livre
Langue:espagnol
Publié: Barcelona, España : Paidós : Universidad Autónoma de Barcelona, Instituto de Ciencias de la Educación 2005, c2005
Collection:(Pensamiento Contemporáneo ; 76)
Sujets:
Tags: Ajouter un tag
Pas de tags, Soyez le premier à ajouter un tag!

MARC

LEADER 00000nam^a2200000^a^4500
001 000187966
005 20250521000000.0
009 20260310102321.175
020 |a 84-493-1815-7 
037 |a Acervo ITESO - Biblioteca 
041 |a ESP 
082 |a 121. 4  |b JON 
100 |a Jonas, Hans  |e (autor) 
245 1 0 |a Poder o impotencia de la subjetividad /  |c H. Jonas ; introd. y tr. por I. Giner Comín. 
264 4 |a Barcelona, España :  |b Paidós :  |b Universidad Autónoma de Barcelona, Instituto de Ciencias de la Educación  |c 2005, c2005 
300 |a 166 p. 
336 |a texto  |b txt  |2 rdacontenido 
337 |a sin mediación  |b n  |2 rdamedio 
338 |a volumen  |b nc  |2 rdasoporte 
440 1 |a (Pensamiento Contemporáneo ;  |v 76) 
500 |a Traducción de: Macht oder Ohnmacht der Subjektivität 
520 |a Estudio que analiza la posición objetiva de la subjetividad en el ser, dede la perspectiva ontológica de la responsabilidad del sujeto. Para ello el autor analiza la influencia de lo físico en lo psíquico y viceversa, a partir de dos argumentos: el de la incompatibilidad, con su tesis de la no admisión física de causas psíquicas, y el del epifenómeno, con la tesis de la ineficacia de lo psíquico. 
649 |a XX 
650 |a Subjetividad (Psicología) -  |x Tema Principal 
650 |a Objetividad y Subjetividad en la Ciencia -  |x Tema Principal 
650 |a Alma y Cuerpo 
650 |a Responsabilidad 
650 |a Epistemología 
650 |a Ontología 
650 |a Etica 
650 |a Psicología 
650 |a Filosofía 
700 |a Giner Comín, Illana  |e (introducción y traducción) 
910 |a Fondo General 
920 |a Impresos - Libros 
930 |a Colección General 
905 |a 101 
901 |a 0500130408  |b IT1  |c ACC  |u 20250521 
901 |a 0500160070  |b IT1  |c ACC  |u 20250521 
902 |a https://opac.biblio.iteso.mx/vufind/Record/000187966